000 00843nam a2200265 i 4500
001 51050
003 ES-MaACL
005 20240324063003.0
007 t|
008 030808s1956 sp ||||1| spa d
040 _cES-MaACL
080 _a84-311.2"19"
100 1 _aChantal, Suzanne,
_d1908-1994
_eaut
_937982
245 1 0 _aDios no duerme /
_cSuzanne Chantal ; [traducción de José A. de Larrinaga y Gorostiza].
250 _a1ª ed.
260 _aBarcelona :
_bJosé Janés,
_c1956
300 _a325 páginas ;
_c17 cm.
490 1 _aClub de los lectores ;
_v42
700 1 _aLarrinaga y Gorostiza, José A. de
_etrl
_970255
830 0 _aClub de los lectores ;
_9181243
_v42
852 _aES-MaACL
_bR.39002
_cSPAL
_jC-10768
942 _cMONOGRAFIA
_n0
999 _c51050
_d51050